000 00286nam a22001097a 4500
020 _a978-986-97417-6-7
050 _a783.3886
245 _a林榮三與台灣
_c鄧蔚偉
250 _a初版
260 _a新北市
_b財團法人林榮三文化公益基金會
_c2025.12
942 _2ccl
_cBOOK
999 _c7704
_d7704